000 00268nam a2200121Ia 4500
008 190216s9999||||xx |||||||||||||| ||und||
100 _aJoh Ise
245 0 _aEconomics
260 _bHarper International Std
_c1970
300 _a871p
650 _aCommerce
942 _cBK
999 _c4647
_d4647